| 000 | 00469nam a2200157 a 4500 | ||
|---|---|---|---|
| 001 | 350 | ||
| 003 | CDMR | ||
| 005 | 20130314174533.0 | ||
| 008 | 130130s1986||||||||||||||||||||||||||||d | ||
| 040 |
_aCDMR _bcat _cCDMR |
||
| 100 | 1 |
_aCebrián Herreros, Mariano _9240 |
|
| 245 | 1 | 0 |
_aBibliografía de la información audiovisual _cMariano Cebrián Herreros |
| 260 |
_aMadrid _c1986 _bInstituto Oficial de Radio y Televisión |
||
| 490 | 0 | _aManuales profesionales | |
| 942 |
_cMON _2udc |
||
| 999 |
_c350 _d350 |
||